Doubtful plays / (Record no. 165305)

MARC details
000 -LEADER
campo de control de longitud fija 00826nam a22002055i 4500
001 - NÚMERO DE CONTROL
campo de control 165305
003 - IDENTIFICADOR DE NÚMERO DE CONTROL
campo de control ES-MaACL
005 - FECHA Y HORA DE LA ÚLTIMA TRANSACCIÓN
campo de control 20250716062538.0
008 - DATOS DE LONGITUD FIJA--INFORMACIÓN GENERAL
campo de control de longitud fija 041104s1869 gw |||| | eng d
040 ## - FUENTE DE CATALOGACIÓN
Centro catalogador/agencia de origen CAM
Lengua de catalogación spa
Centro/agencia transcriptor CAM
100 1# - ENTRADA PRINCIPAL--NOMBRE DE PERSONA
Nombre de persona Shakespeare, William,
Fechas asociadas al nombre 1564-1616
9 (RLIN) 105992
245 10 - MENCIÓN DEL TÍTULO
Título Doubtful plays /
Mención de responsabilidad, etc. of William Shakespeare.
260 ## - PUBLICACIÓN, DISTRIBUCIÓN, ETC.
Lugar de publicación, distribución, etc. Leipzig :
Nombre del editor, distribuidor, etc. Bernhard Tauchnitz,
Fecha de publicación, distribución, etc. 1869.
300 ## - DESCRIPCIÓN FÍSICA
Extensión VI, 352 p. ;
Dimensiones 17 cm.
490 1# - MENCIÓN DE SERIE
Mención de serie Collection of British Authors ;
Designación de volumen o secuencia 1041
505 8# - NOTA DE CONTENIDO CON FORMATO
Nota de contenido con formato Contiene: King Edward III (p. 1-76). Thomas Lord Cromwell (p. 77-130). Locrine (p. 131-194). A yorkshire tragedy (p. 195-218). The London prodigal (p. 219-278). The birth of Merlin (p. 279-352)
830 0# - PUNTO DE ACCESO ADICIONAL DE SERIE-TÍTULO UNIFORME
Título uniforme Collection of British Authors ;
Designación de volumen o secuencia 1041
9 (RLIN) 180703
852 ## - LOCALIZACIÓN
Ubicación ES-MaACL
Número de control de estantería G-12843
Nota libre -- Enc. hol.
Holdings
Estatus retirado Estado de pérdida Estado de daño No para préstamo Colección Biblioteca de origen Biblioteca actual Ubicación en estantería Fecha de adquisición Fuente de adquisición Total de préstamos Signatura topográfica completa Código de barras Visto por última vez Precio de reemplazo Tipo de ítem Koha
        Libros del s. XIX Biblioteca del Ateneo de Madrid Biblioteca del Ateneo de Madrid Sala Pecera Planta 3 17/01/2008     G-12843 1173340 23/02/2023 23/02/2023 Libro impreso antiguo